01178nam a2200253Ia 4500003000400000005001700004008004100021020002900062040001700091082001900108245009500127250001200222260003800234300002800272500001900300650002700319700002400346942000900370952013400379952013400513952013400647952012800781999001500909IIN20250429115012.0231217s9999 xx ad 001 0 eng d cRs.635.00a9789393330000 aIINbEnglish a579.0282 bSAX1 aAnanthanarayan and Paniker's Textbook of Microbiology for Nurses /cedited by Sonal Saxena a3rd ed. aHyderabadbUniversity Pressc2022 a[2], 1-322p.bcol. ill. aIncludes Index1 aMicrobiology vNursing aSaxena, Sonal (ed.) cBOOK 00102ddc40708Purches BookaIINbIINcGENd2023-12-17g635.00l0o579.0282 SAXp1386r2023-12-17 21:32:37t1w2023-12-17yBOOK 00102ddc40708Purches BookaIINbIINcGENd2023-12-17g635.00l0o579.0282 SAXp1387r2023-12-17 21:32:37t2w2023-12-17yBOOK 00102ddc40708Purches BookaIINbIINcGENd2023-12-17g635.00l0o579.0282 SAXp1388r2023-12-17 21:32:37t3w2023-12-17yBOOK 00102ddc40708PURCHaIINbIINcGENd2025-03-11g635.00l0o579.0282 SAXp1931r2025-04-29 11:53:09t4w2025-04-29yBOOK c1392d1392